Denmark EUROs Starting XIs - Statistics

General Stats
  • This quiz has been taken 91 times
  • The average score is 40 of 99
Answer Stats
Hint Answer % Correct
2020 GK Kasper Schmeichel
97%
1996 GK Peter Schmeichel
97%
1992 GK Peter Schmeichel
97%
1988 GK Peter Schmeichel
97%
2000 GK Peter Schmeichel
97%
2012 AM Christian Eriksen
94%
2020 CB Simon Kjaer
89%
2012 CB Simon Kjaer
89%
1996 ST Brian Laudrup
88%
1992 ST Brian Laudrup
88%
1996 CM Michael Laudrup
88%
1988 AM Michael Laudrup
88%
1984 AM Michael Laudrup
88%
2012 LB Simon Poulsen
85%
2020 CB Andreas Christensen
83%
2020 CM Pierre-Emile Höjbjerg
78%
2020 LM Joakim Maehle
71%
1988 CB Morten Olsen
69%
1984 CB Morten Olsen
69%
2012 GK Stephan Andersen
69%
2020 ST Kasper Dolberg
68%
1992 CB Lars Olsen
68%
1988 CB Lars Olsen
68%
2012 ST Nicklas Bendtner
66%
2020 CM Thomas Delaney
65%
2012 CB Daniel Agger
60%
2020 RW Martin Braithwaite
60%
2020 LW Mikkel Damsgaard
60%
2020 RM Jens Stryger Larsen
57%
1988 ST Preben Elkjaer-Larsen
55%
1984 ST Preben Elkjaer-Larsen
55%
1964 CB Birger Larsen
54%
1996 CM Henrik Larsen
54%
1992 CM Henrik Larsen
54%
2020 CB Jannik Vestergaard
54%
2004 ST Jon Dahl Tomasson
49%
2000 ST Jon Dahl Tomasson
49%
1992 CM John Jensen
45%
2004 DM Daniel Jensen
43%
2012 RM Dennis Rommedahl
43%
2004 LB Niclas Jensen
43%
2004 RM Jesper Grönkjaer
42%
2000 LM Jesper Grönkjaer
42%
2004 DM Thomas Gravesen
37%
1996 RB Thomas Helveg
37%
2004 RB Thomas Helveg
37%
2012 LM Michael Krohn-Dehli
34%
2004 AM Ebbe Sand
31%
2000 ST Ebbe Sand
31%
2004 LM Martin Jörgensen
31%
2000 CM Allan Nielsen
28%
1996 LB Brian Steen Nielsen
28%
1964 CM Erling Nielsen
28%
1988 CB Ivan Nielsen
28%
1984 CB Ivan Nielsen
28%
1992 CB Kent Nielsen
28%
1992 CM Kim Vilfort
28%
1988 CM Kim Vilfort
28%
1964 GK Leif Nielsen
28%
2004 GK Thomas Sörensen
26%
1992 ST Flemming Povlsen
25%
1988 ST Flemming Povlsen
25%
1988 CM Sören Lerby
25%
1984 LM Sören Lerby
25%
2012 RB Lars Jacobsen
23%
1964 LM Ole Sörensen
23%
2012 DM William Kvist
23%
1964 CB Bent Hansen
20%
1964 CM Jens Jörgen Hansen
20%
1964 CB Kaj Hansen
20%
1992 RB John Sivebaek
14%
1988 RM John Sivebaek
14%
2004 CB Martin Laursen
14%
1984 RM Frank Arnesen
12%
1988 LM Jan Heintze
12%
2000 LB Jan Heintze
12%
1996 CB Jes Högh
12%
2004 CB René Henriksen
12%
2000 CB René Henriksen
12%
2000 CM Stig Töfting
12%
1992 LB Kim Christofte
9%
1984 LB Ole Rasmussen
9%
1996 CB Michael Schjönberg
8%
2000 CB Michael Schjönberg
8%
1964 ST Ole Madsen
8%
1992 CB Torben Piechnik
8%
1996 CM Claus Thomsen
6%
1996 CB Marc Rieper
6%
1996 ST Mikkel Beck
6%
2012 DM Niki Zimling
6%
1984 RB Sören Busk
6%
2000 RB Sören Colding
6%
1964 RM Carl Bertelsen
5%
1984 CM Jens Jörn Bertelsen
5%
1984 CM Klaus Berggren
5%
1984 GK Ole Qvist
5%
1964 LW John Danielsen
3%
1964 RW Kjeld Thorst
2%
2000 RM Morten Bisgaard
2%
No matching quizzes found
Score Distribution
Percent of People with Each Score
Percentile by Number Answered
Your Score History
You have not taken this quiz